000 00532nmm a22001817a 4500
003 OSt
005 20240513122549.0
008 240513b |||||||| |||| 00| 0 eng d
010 _aeBook
040 _cMRSPTU
100 _aStephen G. Kochan
245 _aProgramming in C
250 _a3rd
260 _aNew Delhi
_bPearson
_c2004
600 _2Computer Science
856 _3Click here to access the e-book
_uhttps://ebookcentral.proquest.com/lib/gzsptuc/detail.action?docID=5127084&query=Programming+in+C
942 _2ddc
_cEB
_n1
999 _c10236
_d10236